000 00534nam a2200169Ia 4500
008 220216s9999 xx 000 0 und d
100 _aSyamala V.K
245 0 _aNutrient management in rubber seedling nursery: Effect of inorganic and biofertilizers
260 _bPLACROSYM XX, 12-15 December 2012, UPASI Tea Research Foundation, Coimbatore, India, Abstracts, p. 85.
650 _aBuddability
650 _aPGPR
650 _aRubber seedling
700 _aGeorge S
700 _aJessy M.D
700 _aJoseph K
942 _cBS
999 _c48668
_d48668